| 000 | 00712nam a2200229Ia 4500 | ||
|---|---|---|---|
| 008 | 220204s9999 xx 000 0 und d | ||
| 020 | _a8185041318 | ||
| 082 |
_a630*94(213.5) _bVAR |
||
| 245 | 0 | _aTropical forestry research : Challenges in the new millenium (Proceedings of the International symposium 2-4 August 2000, Peechi, India | |
| 260 |
_aPeechi _bKFRI _c2001 |
||
| 650 | _aAfforestation | ||
| 650 | _aBiodeterioration | ||
| 650 | _aBiodiversity | ||
| 650 | _aEnvironmental conservation | ||
| 650 | _aKerala plantations | ||
| 650 | _aMicropropagation | ||
| 650 | _aPLantation forestry | ||
| 650 | _aRubebr plantations | ||
| 650 | _aTimber utilization | ||
| 700 | _aVarma, R V | ||
| 942 | _cBK | ||
| 999 |
_c42119 _d42119 |
||